|
|
|
|
| LEADER |
00936nab a2200265 i 4500 |
| 001 |
misc64291 |
| 005 |
20230512082034.0 |
| 008 |
230316s1957 hu o 0|| rus d |
| 040 |
|
|
|a SZTE Miscellanea Repozitórium
|b hun
|
| 041 |
|
|
|a rus
|
| 041 |
|
|
|a cze
|
| 100 |
1 |
|
|a Potapov Leonid Pavlovič
|
| 245 |
1 |
0 |
|a Šamanismus u národností Sajansko-Altajské vysočiny jako historický pramen
|h [elektronikus dokumentum] /
|c Potapov Leonid Pavlovič
|
| 260 |
|
|
|c 1957
|
| 300 |
|
|
|a 134-145
|c 24 cm
|
| 300 |
|
|
|a [12] p.
|c 24 cm
|
| 490 |
0 |
|
|a Československá Etnografie
|
| 561 |
|
|
|a Németh Gyula hagyaték
|
| 591 |
|
|
|a NOA 4668
|
| 650 |
|
4 |
|a Társadalomtudományok
|
| 650 |
|
4 |
|a Szociológia
|
| 650 |
|
4 |
|a Bölcsészettudományok
|
| 650 |
|
4 |
|a Történettudomány és régészet
|
| 695 |
|
|
|a Sámánizmus - török népek, Néprajz - altaji népek
|
| 856 |
4 |
0 |
|u http://misc.bibl.u-szeged.hu/64291/1/4668_noa.pdf
|z Dokumentum-elérés
|